000 00675nam a2200181 a 4500
001 000035803
005 20200930074626.0
008 110901s1788 es 000 0 spa d
040 _aDO-SdBNP
_bspa
_cBNPHU
100 1 _aElizondo, Francisco Antonio de.
_959095
245 1 0 _aPráctica universal forense de los tribunales superiores é interiores de España, y de las indias /
_csu autor don Francisco Antonio de Elizondo.
250 _a3a ed.
260 _aMadri :
_bImprenta de Don Pedro Marín,
_c1788.
300 _av. ;
_c21 cm.
500 _aLa biblioteca posee el v. 3
500 _aIncluye referencias bibliográficas y notas al pie de las páginas
049 _aBNPD
999 _c35294
_d35294